| 000 | 00485nam a22001697a 4500 | ||
|---|---|---|---|
| 005 | 20251108171838.0 | ||
| 008 | 250721s9999 xx 000 0 ara d | ||
| 082 | 1 | 4 | _a617.8/محم |
| 100 | 1 | _aرفعت، محمد | |
| 245 | 1 | 0 | _aأمراض الأذن و الأنف و الحنجرة و العين / |
| 264 | 1 |
_aبيروت : _bالمكتبة العصرية، |
|
| 300 | _a96ص | ||
| 490 | 0 | _a150 سؤال عن ؛ 5 | |
| 650 | 1 | 7 | _aالأذن |
| 942 |
_2ddc _cBK |
||
| 999 |
_c64099 _d64099 |
||